Demographic information on tropical Africa.

Bibliographic Details
Main Author: Lorimer, Frank, 1894-1985
Format: Book
Language:English
Published: Boston : Boston University Press, 1961.
Subjects:

MARC

Tag First Indicator Second Indicator Subfields
LEADER 00000cam a2200000 4500
001 in00000225621
005 20151009074829.0
008 711108s1961 maub b 00000 eng
010 |a  61012428  
035 |a (OCoLC)00169699 
035 |9 AAZ2953AM 
040 |c WSU  |d TXA  |d UtOrBLW 
049 |a TXAM  |c [480713] 
050 0 |a HB3661  |b .L6 
082 0 |a 312.0966 
100 1 |a Lorimer, Frank,  |d 1894-1985. 
245 1 0 |a Demographic information on tropical Africa. 
264 1 |a Boston :  |b Boston University Press,  |c 1961. 
300 |a ix, 207 pages :  |b map. ;  |c 23 cm. 
336 |a text  |b txt  |2 rdacontent 
337 |a unmediated  |b n  |2 rdamedia 
338 |a volume  |b nc  |2 rdacarrier 
504 |a Includes bibliographies. 
651 0 |a Africa, Sub-Saharan  |x Population. 
999 |a MARS 
999 f f |s 59560bde-60d9-3ce6-909f-d57ff15efdbb  |i d5bdecbe-9415-3009-9ddb-e66ce1e34c7f  |t 0 
952 f f |p ric  |a Texas A&M University  |b Rellis Campus  |c Joint Library Facility  |d Remote Storage  |t 0  |e HB3661 .L6  |h Library of Congress classification  |i unmediated -- volume  |m A14802555113 
998 f f |a HB3661 .L6  |t 0  |l Remote Storage